000 01373cam a22003737a 4500
003 CHAP
005 20220329142709.0
008 010920d2001 mx r 00110 spa d
010 _a86613
011 _a87585
035 _a98129
040 _cCHAP
090 _aTesis
100 0 0 _aOrosco Alcalá, Blanca Estela.
_983648
245 1 0 _aEfecto del anillado en manzano (Malus domestica Borkh) cultivar aguanueva II
_c/por Blanca Estela Orosco Alcalá y I. Gloria Hernández Espinosa
260 _aChapingo, Méx. :
_bEl autor,
_c2002.
300 _a98 h. :
_bilus. ; gráfs.
502 _aTesis (Ing. Agr. Esp. en Fitotecnia) -- UACH. Departamento de Fitotecnia
590 _aALEPH
_b10
_c20130110
_lUCH01
_h1450
590 _aBATCH-UPD
_b10
_c20130110
_lUCH01
_h0513
590 _aBATCH-UPD
_b10
_c20130110
_lUCH01
_h2230
590 _aBATCH-UPD
_b10
_c20130410
_lUCH01
_h0151
590 _aBATCH-UPD
_b10
_c20130914
_lUCH01
_h0333
590 _aCONVERSION
_b10
_c20130109
_lUCH01
_h1348
650 1 4 _aAnillos de crecimiento.
_95845
650 1 4 _aManzana
_xCalidad.
_970742
650 1 4 _aManzana
_xVariedades.
_970810
700 0 0 _aHernández Espinosa, I. Gloria.
_953983
901 _aBK
905 _aAlejandra Carrasco M.
942 _cFOLL
949 _aTesis
_bBC
_cTES
_d33724000872644
_eTS2
_fc.2
_h40247
_i98129
_sb
949 _aTesis
_bBC
_cTES
_d981291
_eTS1
_h40246
_i98129
_sb
999 _c86613
_d86613